Lewe dopływy Odry - nagła śmierć - Statystyki

Ogólne statystyki
  • Ten quiz został rozwiązany 217 razy
    216 od ostatniego zresetowania
  • Średni wynik to 4 z 7
Answers on the Grid
Answers color-coded by a green-red scale on the quiz's grid according to % correct below.
Nysa Kłodzka
Oława
Ślęża
Bystrzyca
Kaczawa
Bóbr
Nysa Łużycka
Mała Panew
Stobrawa
Widawa
Barycz
Warta
Nida
Kamienna
Pilica
Radomka
Bzura
Wierzyca
Wda
Brda
Raba
Dunajec
San
Wisłoka
Wieprz
Skrwa
Narew
Drwęca
Liwa
Łyna
Pasłęka
Ina
 
Statystyki odpowiedzi
Odpowiedź % Poprawnych
Nysa Łużycka
75%
Nysa Kłodzka
73%
Bóbr
55%
Ślęża
43%
Bystrzyca
39%
Kaczawa
38%
Oława
35%
Nie znaleziono quizów pasujących do podanych kryteriów
Rozkład punktacji
Procent ludzi z każdym wynikiem
Percentyl według liczby udzielonych odpowiedzi
Twoja historia wyników
Nie rozwiązałeś tego quizu od ostatniego zresetowania